000 00452nam a2200181Ia 4500
001 4696
005 20260306145814.0
008 260306t2013||||xx |||||||||||||| ||spa||
041 _aESP
082 _a330
_bU85
100 _aUrrunaga, Roberto
_eAUT
245 0 _aEconomía aplicada:
_bensayos de investigación económica 2012
260 _c2013
300 _a224 páginas :
_c21 cm.
650 _aGEN
654 _aCAN
942 _cLIB
_dJUS
_fJUS
_2ddc
_n
999 _c4696
_d4696